004810000a22001570004500060000800000082001400008100001500022245005500037260004200092260000900134300000800143650003500151942000700186999001900193952011100212 a100 a531.1 LON aLoney, S L aElements of staticas and dynamics: Pt. 2 Dynamics aCambridge, Cambridge University Press c1957 a240 aStatics/ Dynamics/ Dimensions/ cBK c364533d364533 00104070aKAUCOAVbKAUCOAVd2014-05-02l0o531.1 LONpKAU_COAV-2853r2014-05-02 00:00:00w2014-05-02yBK